National conference on instruction in landscape architecture : report on the fourth annual meeting /

Saved in:
Bibliographic Details
Corporate Authors: National Conference on Instruction in Landscape Architecture Cornell University), Cornell University.
Format: Book
Language:English
Published: [Ithaca, N.Y.] : Cornell University, 1923.
Subjects:
Tags: Add Tag
No Tags, Be the first to tag this record!
LEADER 00885nam a22002177u 4500
001 000000301-8
005 20020606090541.3
008 821216|1923 ||||||| |||| |0||||eng|d
035 0 |a ocm80617497 
111 2 |a National Conference on Instruction in Landscape Architecture  |n (4th :  |d 1923 :  |c Cornell University) 
245 1 0 |a National conference on instruction in landscape architecture :  |b report on the fourth annual meeting /  |c Cornell University. 
260 0 |a [Ithaca, N.Y.] :  |b Cornell University,  |c 1923. 
300 |a 57 p. ;  |c 27 cm. 
500 |a Typescript. 
500 |a Conference held June 22-24, 1923. 
500 |a Includes appendix. 
611 2 0 |a National Conference on Instruction in Landscape Architecture  |n (4th :  |d 1923 :  |c Cornell University) 
650 0 |a Landscape architecture  |x Study and teaching  |x Congresses. 
710 2 |a Cornell University. 
988 |a 20020608 
906 |0 MH